| 000 | 00806nam a22001937a 4500 | ||
|---|---|---|---|
| 999 |
_c59213 _d59213 |
||
| 003 | Ge_BSU | ||
| 005 | 20221214141829.0 | ||
| 008 | 221214s1982ge xxu||||| |||| 00| 0 geo d | ||
| 041 | _ageo | ||
| 080 | _a821.353.1-31 კ-18 | ||
| 100 |
_aკალანდაძე, ალექსანდრე, ავტ. _916406 |
||
| 245 |
_aგარდამოხსნა : _bრომანი / _c ალექსანდრე კალანდაძე, რედ.ირ. არაბული |
||
| 250 | _a1-ლი გამოც. | ||
| 264 |
_aთბილისი : _bსაბჭ. საქართველო, _c1982. |
||
| 300 |
_a627 გვ. ; _b 20 სმ. |
||
| 653 | _aრომანი | ||
| 700 |
_a არაბული, ირ _eრედაქტორი _916407 |
||
| 942 |
_2udc _cBK |
||